Toutes les subdivisions des pays d'Amérique du Nord - Carte - Statistiques

Statistiques générales
  • Ce quiz a été pris 955 fois
    951 depuis la dernière actualisation
  • Le résultat moyen est 91 sur 385
Réponses sur la Carte
Les réponses sont colorées sur une échelle allant du rouge au vert en fonction du pourcentage des utilisateurs qui les ont devinées à leur premier essai. Vous pouvez retrouver ces pourcentages ci-dessous.
 
Statistiques - réponses
Country Type de quiz Réponse % Correct
United States State Alaska
95%
United States State Californie
94%
Canada Province Québec
94%
United States State Texas
94%
United States State Floride
92%
Haiti Department Nord
92%
United States State New York
90%
United States District Washington
90%
United States State Washington
90%
United States State Nouveau Mexique
87%
United States State Caroline du Nord
86%
United States State Louisiane
86%
United States State Arizona
85%
United States State Caroline du Sud
85%
United States State Dakota du Nord
85%
United States State Dakota du Sud
85%
United States State Alabama
84%
United States State Nevada
84%
United States State Virginie
84%
United States State Arkansas
83%
United States State Géorgie
83%
United States State Maine
83%
United States State Mississippi
83%
United States State Ohio
83%
United States State Oregon
83%
United States State Colorado
82%
Danemark Constituent Country Groenland
82%
United States State Michigan
82%
United States State Illinois
81%
United States State Kansas
81%
United States State New Jersey
81%
Canada Province Ontario
81%
United States State Utah
81%
United States State Idaho
80%
United States State Kentucky
80%
United States State Montana
80%
United States State Virginie Occidentale
80%
United States State Iowa
79%
United States State Pennsylvanie
79%
United States State Rhode Island
79%
United States State Tennessee
79%
United States State Vermont
79%
United States State Wyoming
79%
Mexico State México
78%
Mexico District Mexico
78%
United States State Minnesota
78%
United States State Massachusetts
77%
Canada Province Terre Neuve et Labrador
77%
United States State Indiana
76%
United States State New Hampshire
76%
United States State Oklahoma
76%
United States State Maryland
75%
United States State Missouri
75%
United States State Nebraska
75%
United States State Wisconsin
75%
United States State Connecticut
73%
United States State Delaware
73%
Mexico State Basse Californie
69%
Canada Province Alberta
67%
Canada Province Colombie Britannique
65%
Canada Province Nouvelle Ecosse
62%
Canada Territory Territoires du Nord-Ouest
62%
Canada Territory Yukon
61%
Canada Territory Nunavut
60%
France Region Guadeloupe
59%
Canada Province Ile-du-Prince-Edouard
59%
France Region Martinique
59%
Canada Province Manitoba
58%
Panama Province Panamá
58%
Canada Province Saskatchewan
58%
Canada Province Nouveau Brunswick
56%
Mexico State Yucatán
52%
Mexico State Chihuahua
51%
Guatemala Department Guatemala
50%
United States Territory Porto Rico
50%
France Territory Saint Martin
50%
Netherlands Constituent Country Saint Martin
50%
Jamaique Parish Kingston
48%
Haiti Department Sud
47%
Costa Rica Province San José
45%
United Kingdom Territory Bermudes
44%
Haiti Department Centre
44%
France Territory Saint Pierre et Miquelon
44%
Haiti Department Ouest
41%
France Territory Saint Barthélemy
41%
Bahamas District San Salvador
40%
El Salvador Department San Salvador
40%
Belize District Belize
38%
Nicaragua Department Managua
37%
Trinidad and Tobago Island Tobago
37%
United States Territory Iles Vierges
36%
Cuba Province La Habana
36%
Netherlands Constituent Country Aruba
33%
Mexico State Basse Californie du Sud
33%
Netherlands Constituent Country Curaçao
33%
Antigua et Barbuda Dependency Barbuda
31%
Haiti Department Nord-Ouest
29%
Saint Kitts and Nevis Island Saint Christophe
29%
Trinidad and Tobago Municipality Port d'Espagne
27%
Antigua et Barbuda Parish Saint John
27%
Barbade Parish Saint John
27%
Dominique Parish Saint John
27%
Grenade Parish Saint John
27%
Mexico State Veracruz
27%
Mexico State Chiapas
26%
Saint Kitts and Nevis Island Niévès
25%
Netherlands Municipality Bonaire
24%
Antigua et Barbuda Parish Saint George
24%
Barbade Parish Saint George
24%
Dominique Parish Saint George
24%
Grenade Parish Saint George
24%
Saint Vincent and the Grenadines Parish Saint George
24%
Saint Lucia Quarter Castries
23%
Saint Vincent and the Grenadines Parish Grenadines
23%
United Kingdom Territory Iles Caïmans
23%
Haiti Department Nord-Est
23%
Mexico State Sinaloa
23%
Mexico State Sonora
23%
Haiti Department Sud-Est
22%
Mexico State Tabasco
22%
United Kingdom Territory Montserrat
21%
Mexico State Oaxaca
21%
Dominican Republic Province Santiago
21%
Cuba Province Santiago de Cuba
21%
Mexico State Jalisco
20%
Mexico State Puebla
20%
United Kingdom Territory Anguilla
19%
Mexico State Nuevo León
19%
Mexico State Quintana Roo
19%
Dominican Republic Province San Juan
19%
Trinidad and Tobago Region San Juan–Laventille
19%
Mexico State Aguascalientes
18%
Mexico State Campeche
18%
Mexico State Durango
18%
United Kingdom Territory Iles Vierges britanniques
18%
Jamaique Parish Saint Ann
18%
Jamaique Parish Saint Mary
18%
Cuba Province Guantánamo
17%
Mexico State Guerrero
17%
Mexico State Hidalgo
17%
Mexico State Tamaulipas
17%
Mexico State Coahuila
16%
Netherlands Municipality Saba
16%
Mexico State San Luis Potosí
16%
Mexico State Colima
15%
Dominican Republic District Distrito Nacional
15%
United Kingdom Territory Iles Turques et Caïques
15%
Netherlands Municipality Saint Eustache
15%
Dominican Republic Province Santo Domingo
15%
Mexico State Zacatecas
15%
Nicaragua Department León
14%
Mexico State Michoacán
14%
Mexico State Morelos
14%
Mexico State Querétaro
14%
Antigua et Barbuda Parish Saint Paul
14%
Dominique Parish Saint Paul
14%
Mexico State Guanajuato
13%
Mexico State Nayarit
13%
Mexico State Tlaxcala
13%
Honduras Department Colón
11%
Panama Province Colón
11%
Barbade Parish Saint Andrew
11%
Dominique Parish Saint Andrew
11%
Grenade Parish Saint Andrew
11%
Jamaique Parish Saint Andrew
11%
Saint Vincent and the Grenadines Parish Saint Andrew
11%
Antigua et Barbuda Parish Saint Mary
11%
Barbade Parish Saint Lucy
10%
Antigua et Barbuda Parish Saint Peter
10%
Barbade Parish Saint Peter
10%
Dominique Parish Saint Peter
10%
El Salvador Department Santa Ana
10%
Barbade Parish Saint James
9%
Jamaique Parish Saint James
9%
Barbade Parish Saint Thomas
9%
Jamaique Parish Saint Thomas
9%
Nicaragua Department Granada
8%
El Salvador Department La Paz
8%
Honduras Department La Paz
8%
Costa Rica Province Limón
8%
Belize District Orange Walk
8%
Guatemala Department Petén
8%
Dominique Parish Saint Patrick
8%
Grenade Parish Saint Patrick
8%
Saint Vincent and the Grenadines Parish Saint Patrick
8%
Belize District Stann Creek
8%
Haiti Department Artibonite
7%
Panama Province Darién
7%
Haiti Department Grand'Anse
7%
Guatemala Department Huehuetenango
7%
Guatemala Department Quetzaltenango
7%
Jamaique Parish Saint Elizabeth
7%
Dominique Parish Saint Mark
7%
Grenade Parish Saint Mark
7%
Dominican Republic Province San Cristóbal
7%
El Salvador Department San Miguel
7%
Cuba Province Camagüey
6%
Belize District Cayo
6%
Guatemala Department Chiquimula
6%
Cuba Province Cienfuegos
6%
Nicaragua Department Estelí
6%
Costa Rica Province Guanacaste
6%
Costa Rica Province Heredia
6%
Cuba Province Holguín
6%
Guatemala Department Izabal
6%
Guatemala Department Jalapa
6%
Cuba Province Las Tunas
6%
El Salvador Department La Unión
6%
Nicaragua Department Madriz
6%
Nicaragua Department Masaya
6%
Cuba Province Matanzas
6%
Haiti Department Nippes
6%
Cuba Province Pinar del Río
6%
Costa Rica Province Puntarenas
6%
Guatemala Department Quiché
6%
Jamaique Parish Saint Catherine
6%
Dominique Parish Saint David
6%
Grenade Parish Saint David
6%
Saint Vincent and the Grenadines Parish Saint David
6%
Barbade Parish Saint Joseph
6%
Dominique Parish Saint Joseph
6%
Antigua et Barbuda Parish Saint Philip
6%
Barbade Parish Saint Philip
6%
Cuba Province Sancti Spíritus
6%
Guatemala Department San Marcos
6%
Honduras Department Santa Bárbara
6%
Guatemala Department Santa Rosa
6%
El Salvador Department San Vicente
6%
Guatemala Department Sololá
6%
Belize District Toledo
6%
Honduras Department Valle
6%
Cuba Province Villa Clara
6%
El Salvador Department Ahuachapán
5%
Costa Rica Province Alajuela
5%
Guatemala Department Alta Verapaz
5%
Cuba Province Artemisa
5%
Honduras Department Atlántida
5%
Dominican Republic Province Azua
5%
Guatemala Department Baja Verapaz
5%
Dominican Republic Province Baoruco
5%
Dominican Republic Province Barahona
5%
Bahamas District Black Point
5%
Nicaragua Department Boaco
5%
Panama Province Bocas del Toro
5%
El Salvador Department Cabañas
5%
Nicaragua Department Carazo
5%
Grenade Dependency Carriacou et Petite Martinique
5%
Costa Rica Province Cartago
5%
Bahamas District Cat Island
5%
Bahamas District Central Andros
5%
Trinidad and Tobago Municipality Chaguanas
5%
El Salvador Department Chalatenango
5%
Guatemala Department Chimaltenango
5%
Nicaragua Department Chinandega
5%
Panama Province Chiriquí
5%
Honduras Department Choluteca
5%
Nicaragua Department Chontales
5%
Cuba Province Ciego de Ávila
5%
Jamaique Parish Clarendon
5%
Panama Province Coclé
5%
Honduras Department Copán
5%
Belize District Corozal
5%
Honduras Department Cortés
5%
El Salvador Department Cuscatlán
5%
Dominican Republic Province Dajabón
5%
Dominican Republic Province Duarte
5%
Bahamas District East Grand Bahama
5%
Dominican Republic Province Elías Piña
5%
Honduras Department El Paraíso
5%
Guatemala Department El Progreso
5%
Dominican Republic Province El Seibo
5%
Guatemala Department Escuintla
5%
Dominican Republic Province Espaillat
5%
Bahamas District Exuma
5%
Bahamas District Freeport
5%
Honduras Department Gracias a Dios
5%
Cuba Province Granma
5%
Jamaique Parish Hanover
5%
Bahamas District Harbour Island
5%
Dominican Republic Province Hato Mayor
5%
Panama Province Herrera
5%
Cuba Special Municipality ile de la Jeunesse
5%
Dominican Republic Province Independencia
5%
Honduras Department Islas de la Bahia
5%
Nicaragua Department Jinotega
5%
Guatemala Department Jutiapa
5%
El Salvador Department La Libertad
5%
Dominican Republic Province La Romana
5%
Dominican Republic Province La Vega
5%
Honduras Department Lempira
5%
Bahamas District Long Island
5%
Panama Province Los Santos
5%
Jamaique Parish Manchester
5%
Nicaragua Department Matagalpa
5%
Cuba Province Mayabeque
5%
Dominican Republic Province Monseñor Nouel
5%
Dominican Republic Province Monte Cristi
5%
Dominican Republic Province Monte Plata
5%
El Salvador Department Morazán
5%
Bahamas District North Andros
5%
Bahamas District North Eleuthera
5%
Nicaragua Department Nueva Segovia
5%
Honduras Department Olancho
5%
Panama Province Panamá Ouest
5%
Dominican Republic Province Pedernales
5%
Jamaique Parish Portland
5%
Dominican Republic Province Puerto Plata
5%
Guatemala Department Retalhuleu
5%
Nicaragua Department Río San Juan
5%
Nicaragua Department Rivas
5%
Guatemala Department Sacatepéquez
5%
Barbade Parish Saint Michael
5%
Dominican Republic Province Samaná
5%
Dominican Republic Province Sánchez Ramírez
5%
Trinidad and Tobago Municipality San Fernando
5%
Dominican Republic Province San Pedro de Macorís
5%
El Salvador Department Sonsonate
5%
Bahamas District South Andros
5%
Bahamas District South Eleuthera
5%
Guatemala Department Suchitepéquez
5%
Guatemala Department Totonicapán
5%
Jamaique Parish Trelawny
5%
El Salvador Department Usulután
5%
Dominican Republic Province Valverde
5%
Panama Province Veraguas
5%
Saint Lucia Quarter Vieux Fort
5%
Bahamas District West Grand Bahama
5%
Jamaique Parish Westmoreland
5%
Guatemala Department Zacapa
5%
Bahamas District Acklins
4%
Saint Lucia Quarter Anse la Raye
4%
Trinidad and Tobago Municipality Arima
4%
Bahamas District Central Abaco
4%
Bahamas District Central Eleuthera
4%
Saint Vincent and the Grenadines Parish Charlotte
4%
Saint Lucia Quarter Choiseul
4%
Honduras Department Comayagua
4%
Trinidad and Tobago Region Couva–Tabaquite– Talparo
4%
Bahamas District Crooked Island
4%
Saint Lucia Quarter Dennery
4%
Trinidad and Tobago Region Diego Martin
4%
Panama Indigenous Region Emberá-Wounaan
4%
Honduras Department Francisco Morazán
4%
Bahamas District Grand Cay
4%
Saint Lucia Quarter Gros Islet
4%
Panama Indigenous Region Guna Yala
4%
Dominican Republic Province Hermanas Mirabal
4%
Bahamas District Hope Town
4%
Bahamas District Iles Berry
4%
Bahamas District Iles Bimini
4%
Bahamas District Inagua
4%
Honduras Department Intibucá
4%
Dominican Republic Province La Altagracia
4%
Saint Lucia Quarter Laborie
4%
Bahamas District Mangrove Cay
4%
Dominican Republic Province María Trinidad Sánchez
4%
Bahamas District Mayaguana
4%
Trinidad and Tobago Region Mayaro–Rio Claro
4%
Saint Lucia Quarter Micoud
4%
Bahamas District Moore's Island
4%
Bahamas District New Providence
4%
Bahamas District North Abaco
4%
Honduras Department Ocotepeque
4%
Trinidad and Tobago Region Penal–Debe
4%
Dominican Republic Province Peravia
4%
Trinidad and Tobago Municipality Point Fortin
4%
Trinidad and Tobago Region Princes Town
4%
Bahamas District Ragged Island
4%
Bahamas District Rum Cay
4%
Dominique Parish Saint Luke
4%
Trinidad and Tobago Region Sangre Grande
4%
Dominican Republic Province San José de Ocoa
4%
Dominican Republic Province Santiago Rodríguez
4%
Trinidad and Tobago Region Siparia
4%
Saint Lucia Quarter Soufrière
4%
Bahamas District South Abaco
4%
Bahamas District Spanish Wells
4%
Trinidad and Tobago Region Tunapuna–Piarco
4%
Honduras Department Yoro
4%
Barbade Parish Christ Church
3%
Nicaragua Autonomous Region Côte caraïbe nord
3%
Nicaragua Autonomous Region Côte caraïbe sud
3%
Panama Indigenous Region Ngäbe-Buglé
2%
Saint Lucia Quarter Praslin
2%
Saint Lucia Quarter Dauphin
1%
Aucun quiz correspondant
Distribution des résultats
% des personnes avec chaque résultat
Percentile par nombre de réponses
Votre historique - résultats
Vous n’avez pas pris ce quiz depuis la dernière actualisation